| 000 | 00651nam a2200241Ia 4500 | ||
|---|---|---|---|
| 001 | 18212 | ||
| 003 | GE_BSU | ||
| 008 | 181216s||||||||xx |||||||||||||| ||und|| | ||
| 020 | _a978-0595367269 | ||
| 040 | _cGE_BSU | ||
| 080 | _a005.93 | ||
| 100 | _aVenison, Peter. | ||
| 245 | _a100 Tips for Hoteliers:What Every Successful Hotel Professional Needs to Know and Do | ||
| 260 | _aNew York | ||
| 260 | _bUniverse,Inc | ||
| 260 | _c2005 | ||
| 300 | _a155p;22cm. | ||
| 541 | _h55gel. | ||
| 653 | _a100 Tips for Hoteliers | ||
| 653 | _aსასტუმროს მენეჯმენტი | ||
| 653 | _aტურიზმი | ||
| 942 | _cBK | ||
| 999 |
_c51252 _d51252 |
||